[Event "22nd ch-EUR Indiv 2022"]
[Site "Terme Catez SLO"]
[Date "2022.04.03"]
[Round "8.8"]
[White "Cheparinov, Ivan"]
[Black "Jobava, Baadur"]
[Result "1/2-1/2"]
[WhiteTitle "GM"]
[BlackTitle "GM"]
[WhiteElo "2672"]
[BlackElo "2588"]
[WhiteFideId "2905540"]
[BlackFideId "13601520"]
[EventDate "2022.03.27"]

1. d4 d5 2. c4 c6 3. Nf3 Nf6 4. Nc3 dxc4 5. a4 Bf5 6. Ne5 Nbd7 7. Nxc4 Qc7 8. g3
Rd8 9. Bf4 Qc8 10. f3 Nb6 11. Nxb6 axb6 12. e4 Bh3 13. Qb3 Bxf1 14. Rxf1 Rxd4
15. Qxb6 e5 16. Bxe5 Rb4 17. Qc7 Qxc7 18. Bxc7 Rxb2 19. O-O-O Rxh2 20. Rd8+ Ke7
21. Rfd1 g6 22. g4 Bh6+ 23. g5 Bxg5+ 24. f4 Bxf4+ 25. Bxf4 Rxd8 26. Bxh2 Rxd1+
27. Kxd1 h5 28. Bf4 Nd7 29. Ke2 f6 30. a5 Ke6 31. Ke3 g5 32. Bc7 h4 33. Ne2 c5
34. Nc3 Ne5 35. Na4 Nd7 36. Nc3 Ne5 37. Na4 1/2-1/2

[Event "22nd ch-EUR Indiv 2022"]
[Site "Terme Catez SLO"]
[Date "2022.04.03"]
[Round "8.9"]
[White "Safarli, Eltaj"]
[Black "Areshchenko, Alexander"]
[Result "1/2-1/2"]
[WhiteTitle "GM"]
[BlackTitle "GM"]
[WhiteElo "2589"]
[BlackElo "2670"]
[WhiteFideId "13402129"]
[BlackFideId "14109530"]
[EventDate "2022.03.27"]

1. e4 e5 2. Nc3 Nf6 3. d4 exd4 4. Qxd4 Nc6 5. Qd3 d5 6. Bf4 d4 7. Nb5 Bb4+ 8. c3
dxc3 9. Qxd8+ Kxd8 10. bxc3 Ba5 11. O-O-O+ Bd7 12. f3 a6 13. Nd4 Nxd4 14. cxd4
Ba4 15. Rd3 Bb5 16. Rd1 Ba4 17. Rd3 Bb5 18. Rd1 1/2-1/2

[Event "22nd ch-EUR Indiv 2022"]
[Site "Terme Catez SLO"]
[Date "2022.04.03"]
[Round "8.10"]
[White "Nisipeanu, Liviu-Dieter"]
[Black "Kantor, Gergely"]
[Result "1-0"]
[WhiteTitle "GM"]
[BlackTitle "GM"]
[WhiteElo "2652"]
[BlackElo "2587"]
[WhiteFideId "1202758"]
[BlackFideId "751499"]
[EventDate "2022.03.27"]

1. d4 Nf6 2. c4 e6 3. Nc3 Bb4 4. e3 O-O 5. Bd3 d5 6. Nf3 dxc4 7. Bxc4 c5 8. O-O
Nc6 9. a3 Ba5 10. Ba2 Qe7 11. Qc2 cxd4 12. exd4 Rd8 13. Be3 h6 14. Rad1 Bd7 15.
b4 Bb6 16. Bb1 Rac8 17. d5 Nb8 18. Bf4 Be8 19. Rfe1 Bc7 20. d6 Bxd6 21. Bxd6
Rxd6 22. Nd5 Rxd5 23. Qxc8 Nc6 24. Rxd5 Nxd5 25. Ne5 Nd4 26. Be4 Nf4 27. g3
Nfe2+ 28. Kf1 Qf8 29. Bd3 f6 30. Nc4 Nc3 31. Nd6 Bb5 32. Qxf8+ Kxf8 33. Nxb5
Ncxb5 34. Bxb5 Nxb5 35. Rc1 Nxa3 36. Rc8+ Kf7 37. Rc7+ Kg6 38. Rxb7 Nc2 39. Ke2 1-0

[Event "22nd ch-EUR Indiv 2022"]
[Site "Terme Catez SLO"]
[Date "2022.04.03"]
[Round "8.11"]
[White "Santos Latasa, Jaime"]
[Black "Michalik, Peter"]
[Result "1-0"]
[WhiteTitle "GM"]
[BlackTitle "GM"]
[WhiteElo "2648"]
[BlackElo "2585"]
[WhiteFideId "2293307"]
[BlackFideId "14907526"]
[EventDate "2022.03.27"]

1. Nf3 Nf6 2. c4 e6 3. b3 d5 4. Bb2 Nbd7 5. g3 Bd6 6. Bg2 e5 7. cxd5 Nxd5 8. O-O
O-O 9. e4 N5b6 10. d4 f6 11. Qc2 Qe7 12. Nbd2 c6 13. Rad1 exd4 14. Nxd4 Ne5 15.
f4 Nf7 16. h3 Re8 17. N2f3 Ba3 18. Ba1 Bd7 19. Nh4 Rad8 20. Kh2 Qc5 21. Qb1 Bb4
22. Ndf5 Bxf5 23. Nxf5 Rxd1 24. Rxd1 Qf8 25. Qc2 Rd8 26. h4 Rxd1 27. Qxd1 Nd6
28. Nd4 Nf7 29. Qg4 Nh6 30. Qe2 Qc5 31. Ne6 Qa5 32. Bd4 Bc3 33. Bf2 Qb4 34. Bc5
Qa5 35. Bh3 Bb4 36. Bf2 Be7 37. a4 Qc3 38. Qh5 1-0

[Event "22nd ch-EUR Indiv 2022"]
[Site "Terme Catez SLO"]
[Date "2022.04.03"]
[Round "8.12"]
[White "Ragger, Markus"]
[Black "Mchedlishvili, Mikheil"]
[Result "1/2-1/2"]
[WhiteTitle "GM"]
[BlackTitle "GM"]
[WhiteElo "2647"]
[BlackElo "2584"]
[WhiteFideId "1610856"]
[BlackFideId "13600966"]
[EventDate "2022.03.27"]

1. e4 e6 2. d4 d5 3. e5 c5 4. c3 Nc6 5. Nf3 Qb6 6. Bd3 cxd4 7. O-O Bd7 8. Re1
Nge7 9. h4 h6 10. a3 Rc8 11. b4 a6 12. c4 dxc4 13. Nbd2 Nxe5 14. Nxe5 cxd3 15.
Ne4 Ng6 16. Nxg6 fxg6 17. Qxd3 Be7 18. Qg3 Kf7 19. Bf4 Bc6 1/2-1/2

[Event "22nd ch-EUR Indiv 2022"]
[Site "Terme Catez SLO"]
[Date "2022.04.03"]
[Round "8.13"]
[White "Asadli, Vugar"]
[Black "Kuzubov, Yuriy"]
[Result "1/2-1/2"]
[WhiteTitle "GM"]
[BlackTitle "GM"]
[WhiteElo "2579"]
[BlackElo "2639"]
[WhiteFideId "13405764"]
[BlackFideId "14112906"]
[EventDate "2022.03.27"]

1. e4 e5 2. Nf3 Nf6 3. d4 Nxe4 4. Bd3 d5 5. Nxe5 Nd7 6. Nxd7 Bxd7 7. O-O Bd6 8.
Qh5 Qf6 9. Nc3 Qxd4 10. Be3 Qe5 11. Qxe5+ Bxe5 12. Nxd5 Nf6 13. Bf4 Bxf4 14.
Rfe1+ Kf8 15. Nxf4 g5 16. Ne2 Re8 17. Nc3 Kg7 1/2-1/2

[Event "22nd ch-EUR Indiv 2022"]
[Site "Terme Catez SLO"]
[Date "2022.04.03"]
[Round "8.14"]
[White "Can, Emre"]
[Black "Sargsyan, Shant"]
[Result "1/2-1/2"]
[WhiteTitle "GM"]
[BlackTitle "GM"]
[WhiteElo "2578"]
[BlackElo "2639"]
[WhiteFideId "6302181"]
[BlackFideId "13306766"]
[EventDate "2022.03.27"]

1. d4 Nf6 2. c4 e6 3. Nf3 d5 4. g3 Bb4+ 5. Bd2 a5 6. Bg2 O-O 7. Qc2 c5 8. cxd5
cxd4 9. Nxd4 Qb6 10. e3 exd5 11. O-O Nc6 12. Nxc6 bxc6 13. Rc1 Be6 14. Nc3 c5
15. a3 1/2-1/2

[Event "22nd ch-EUR Indiv 2022"]
[Site "Terme Catez SLO"]
[Date "2022.04.03"]
[Round "8.15"]
[White "Svane, Rasmus"]
[Black "Iskandarov, Misratdin"]
[Result "0-1"]
[WhiteTitle "GM"]
[BlackTitle "GM"]
[WhiteElo "2637"]
[BlackElo "2577"]
[WhiteFideId "4657101"]
[BlackFideId "13400312"]
[EventDate "2022.03.27"]

1. d4 Nf6 2. Nf3 g6 3. c4 Bg7 4. g3 O-O 5. Bg2 d5 6. cxd5 Nxd5 7. O-O Nb6 8. Nc3
Nc6 9. e3 Re8 10. h3 Bd7 11. e4 e5 12. Bg5 Qc8 13. d5 Nd4 14. Kh2 Nc4 15. b3 Nd6
16. Be3 N4b5 17. Bd2 Nxc3 18. Bxc3 Nxe4 19. Bb2 Bb5 20. Rg1 Nxf2 21. Qc2 Nd3 22.
Bf1 Qd7 23. Bxd3 Bxd3 24. Qxd3 e4 25. Qd2 exf3 26. Rge1 Bxb2 27. Qxb2 Qxd5 28.
Qf2 Rad8 29. h4 Rxe1 30. Rxe1 Qd2 31. Rf1 Qe2 0-1

[Event "22nd ch-EUR Indiv 2022"]
[Site "Terme Catez SLO"]
[Date "2022.04.03"]
[Round "8.16"]
[White "Kollars, Dmitrij"]
[Black "Kobo, Ori"]
[Result "0-1"]
[WhiteTitle "GM"]
[BlackTitle "GM"]
[WhiteElo "2635"]
[BlackElo "2510"]
[WhiteFideId "12909572"]
[BlackFideId "2812320"]
[EventDate "2022.03.27"]

1. e4 c5 2. Nf3 d6 3. d4 cxd4 4. Nxd4 Nf6 5. Nc3 Nc6 6. f3 e5 7. Nb3 Be7 8. Be3
O-O 9. Qd2 Be6 10. O-O-O a5 11. Bb5 Nb4 12. a3 Qc7 13. axb4 Bxb3 14. cxb3 axb4
15. Kb1 Qa5 16. Bc4 Rfc8 17. Na4 Rxc4 18. Bb6 Qa6 19. Rc1 Rc6 20. Qxb4 Nd7 21.
Bf2 Qd3+ 22. Ka2 Rxc1 23. Rxc1 b5 24. Rc7 bxa4 25. bxa4 Rd8 26. Qb7 Bf8 27. Rxd7
Qc4+ 28. Kb1 Qf1+ 29. Ka2 Qc4+ 30. Kb1 Rc8 31. Qb5 Qc2+ 32. Ka2 Qxf2 33. Qd5 Qd4
34. Qxf7+ Kh8 35. Ra7 Rb8 36. b3 Qf2+ 37. Kb1 Qg1+ 38. Kc2 Qc5+ 39. Kd3 d5 40.
Rb7 dxe4+ 0-1

[Event "22nd ch-EUR Indiv 2022"]
[Site "Terme Catez SLO"]
[Date "2022.04.03"]
[Round "8.17"]
[White "Yuffa, Daniil"]
[Black "Martirosyan, Haik M."]
[Result "1/2-1/2"]
[WhiteTitle "GM"]
[BlackTitle "GM"]
[WhiteElo "2576"]
[BlackElo "2633"]
[WhiteFideId "24131423"]
[BlackFideId "13306553"]
[EventDate "2022.03.27"]

1. d4 Nf6 2. c4 e6 3. g3 d5 4. Bg2 Be7 5. Nf3 O-O 6. O-O dxc4 7. Qc2 a6 8. a4
Bd7 9. Qxc4 Bc6 10. Bg5 Nbd7 11. Nc3 a5 12. Rfd1 h6 13. Bxf6 Nxf6 14. e3 Bb4 15.
Ne5 Bxg2 16. Kxg2 c6 17. Qe2 Nd7 18. Nd3 Qe7 19. Qh5 Nf6 20. Qf3 Rfd8 21. Ne2
Bd6 22. Rd2 e5 23. dxe5 Bxe5 24. Rad1 Bc7 25. Nd4 Rd5 26. Nf4 Bxf4 27. Qxf4 1/2-1/2

[Event "22nd ch-EUR Indiv 2022"]
[Site "Terme Catez SLO"]
[Date "2022.04.03"]
[Round "8.18"]
[White "Nesterov, Arseniy"]
[Black "Abasov, Nijat"]
[Result "1/2-1/2"]
[WhiteTitle "GM"]
[BlackTitle "GM"]
[WhiteElo "2522"]
[BlackElo "2630"]
[WhiteFideId "24198455"]
[BlackFideId "13402960"]
[EventDate "2022.03.27"]

1. d4 d5 2. c4 dxc4 3. Nf3 Nf6 4. e3 e6 5. Bxc4 a6 6. O-O c5 7. b3 b6 8. Bb2 Bb7
9. Nbd2 Nbd7 10. Be2 Be7 11. Rc1 O-O 12. Nc4 Rc8 1/2-1/2

[Event "22nd ch-EUR Indiv 2022"]
[Site "Terme Catez SLO"]
[Date "2022.04.03"]
[Round "8.19"]
[White "Brunello, Sabino"]
[Black "Durarbayli, Vasif"]
[Result "1/2-1/2"]
[WhiteTitle "GM"]
[BlackTitle "GM"]
[WhiteElo "2508"]
[BlackElo "2628"]
[WhiteFideId "813613"]
[BlackFideId "13402935"]
[EventDate "2022.03.27"]

1. d4 d5 2. c4 e6 3. Nf3 Nf6 4. g3 Bb4+ 5. Bd2 Be7 6. Bg2 O-O 7. O-O Nbd7 8. Qc2
c6 9. Bf4 b6 10. cxd5 cxd5 11. Nc3 Bb7 12. Rfc1 1/2-1/2

[Event "22nd ch-EUR Indiv 2022"]
[Site "Terme Catez SLO"]
[Date "2022.04.03"]
[Round "8.20"]
[White "Wieczorek, Oskar"]
[Black "Yilmaz, Mustafa"]
[Result "1/2-1/2"]
[WhiteTitle "GM"]
[BlackTitle "GM"]
[WhiteElo "2500"]
[BlackElo "2624"]
[WhiteFideId "1133950"]
[BlackFideId "6302718"]
[EventDate "2022.03.27"]

1. e4 c5 2. Nf3 d6 3. d4 cxd4 4. Nxd4 Nf6 5. Nc3 a6 6. h3 e5 7. Nde2 h5 8. g3
Be7 9. Bg2 Be6 10. O-O Nbd7 11. a4 Rc8 12. Be3 Nb6 13. b3 d5 14. Bxb6 Qxb6 15.
Nxd5 Nxd5 16. exd5 Bf5 17. c4 O-O 18. Nc3 Qg6 19. Rc1 Ba3 20. Qe2 Rfe8 21. Ne4
Bxc1 22. Rxc1 Bxe4 23. Bxe4 f5 24. d6 fxe4 25. d7 Qf5 26. dxc8=Q Rxc8 27. Re1
Rf8 28. h4 g6 29. Qe3 Kg7 30. Re2 Rd8 31. Qxe4 Rd1+ 32. Kg2 Qxe4+ 33. Rxe4 Rb1
34. Rxe5 Rxb3 35. a5 Kf6 36. Rc5 Ke6 37. Rg5 Kf6 38. Rc5 Ke6 39. Rg5 Kf6 40. Kf1
Rb2 41. Ke1 Rb4 42. Rc5 Rb2 43. Rd5 Rb4 44. Rc5 Rb2 45. Kf1 Ke6 46. Kg2 Rb3 47.
Rg5 Kf6 48. Kh3 Rf3 49. Kg2 Rb3 50. f4 Rb4 51. Rc5 Rb3 52. Kf2 Rb2+ 53. Kf3 Rb3+
54. Kg2 Rb2+ 55. Kf3 1/2-1/2

[Event "22nd ch-EUR Indiv 2022"]
[Site "Terme Catez SLO"]
[Date "2022.04.03"]
[Round "8.21"]
[White "Parkhov, Yair"]
[Black "Kozul, Zdenko"]
[Result "1/2-1/2"]
[WhiteTitle "IM"]
[BlackTitle "GM"]
[WhiteElo "2450"]
[BlackElo "2619"]
[WhiteFideId "2813408"]
[BlackFideId "14502879"]
[EventDate "2022.03.27"]

1. d4 Nf6 2. c4 d6 3. Nc3 Nbd7 4. e4 e5 5. Nf3 g6 6. Be2 Bg7 7. O-O O-O 8. Be3
b6 9. Qc2 exd4 10. Nxd4 Bb7 11. Rad1 Re8 12. f3 a5 13. Bg5 Nc5 14. Qc1 c6 15.
Rfe1 Qb8 16. Bh6 Bxh6 17. Qxh6 Qd8 18. Bf1 Qe7 19. g4 Nfd7 20. h3 Rad8 21. f4 f6
22. Nf3 Ne6 23. h4 c5 24. Kf2 Nd4 25. Bg2 Qe6 26. Nxd4 cxd4 27. Rxd4 Qxg4 28.
Bf3 Qe6 29. Rg1 Kh8 30. Rxg6 Rg8 31. Bg4 Qe7 32. Rxg8+ Rxg8 33. Bf5 Nf8 34. Ne2
Ng6 35. a4 Bc8 36. Bxc8 Rxc8 37. Ng3 Rg8 38. Nf5 Qe6 39. b3 Ne7 40. Nxe7 Qxe7
41. h5 1/2-1/2

[Event "22nd ch-EUR Indiv 2022"]
[Site "Terme Catez SLO"]
[Date "2022.04.03"]
[Round "8.22"]
[White "Navara, David"]
[Black "Muradli, Mahammad"]
[Result "1-0"]
[WhiteTitle "GM"]
[BlackTitle "IM"]
[WhiteElo "2700"]
[BlackElo "2537"]
[WhiteFideId "309095"]
[BlackFideId "13409301"]
[EventDate "2022.03.27"]

1. e4 c5 2. Nf3 d6 3. Bb5+ Bd7 4. Bxd7+ Nxd7 5. O-O Ngf6 6. Qe2 e6 7. b3 Be7 8.
Bb2 O-O 9. d4 cxd4 10. Nxd4 a6 11. c4 Qa5 12. Nc3 Bd8 13. Rad1 Rc8 14. f4 Re8
15. Kh1 h5 16. Nf3 Bc7 17. Ng5 Nf8 18. Rd3 Bb8 19. Rh3 g6 20. e5 N6h7 21. Nce4
d5 22. Nd6 Nxg5 23. fxg5 Bxd6 24. exd6 dxc4 25. Qf2 f5 26. gxf6 Kf7 27. Qe3 e5
28. Qh6 Ke6 29. f7 Red8 30. Bxe5 Qxa2 31. Qg5 Qe2 32. Qe7+ Kd5 33. bxc4+ Kc6 34.
Rb1 Rd7 35. Qe8 1-0

[Event "22nd ch-EUR Indiv 2022"]
[Site "Terme Catez SLO"]
[Date "2022.04.03"]
[Round "8.23"]
[White "Kelires, Andreas"]
[Black "Kryvoruchko, Yuriy"]
[Result "1/2-1/2"]
[WhiteTitle "GM"]
[BlackTitle "GM"]
[WhiteElo "2536"]
[BlackElo "2683"]
[WhiteFideId "5900727"]
[BlackFideId "14109182"]
[EventDate "2022.03.27"]

1. d4 Nf6 2. c4 e6 3. g3 d5 4. Bg2 dxc4 5. Nf3 Bb4+ 6. Nbd2 b5 7. O-O O-O 8. a4
c6 9. Ne1 Nd5 10. e4 Nb6 11. a5 N6d7 12. e5 Bxa5 13. Ne4 Bb4 14. Qh5 f6 15. Qh3
Re8 16. Nf3 f5 17. Bg5 Qc7 18. Nd6 Bxd6 19. exd6 Qxd6 20. Rfe1 Nf6 21. Ne5 Bb7
22. Bxf6 gxf6 23. Nf7 Qf8 24. Nh6+ Kh8 25. Ra3 Nd7 26. Rae3 b4 27. Qh5 Nb6 28.
Rxe6 Rxe6 29. Rxe6 c3 30. bxc3 bxc3 31. Nxf5 Qg8 32. Re1 Qg6 33. Qxg6 hxg6 34.
Nd6 Rb8 35. Rc1 Nd5 36. Bxd5 cxd5 37. Rxc3 Ba6 38. g4 Rb6 39. Nc8 Rb4 40. Ne7
Rxd4 41. h3 Bc4 42. Nxg6+ Kg7 43. Ne7 Kf7 44. Nf5 Rd3 45. Rc1 Rxh3 46. Nd6+ Ke6
47. Nxc4 dxc4 1/2-1/2

[Event "22nd ch-EUR Indiv 2022"]
[Site "Terme Catez SLO"]
[Date "2022.04.03"]
[Round "8.24"]
[White "Blomqvist, Erik"]
[Black "Deac, Bogdan-Daniel"]
[Result "0-1"]
[WhiteTitle "GM"]
[BlackTitle "GM"]
[WhiteElo "2542"]
[BlackElo "2679"]
[WhiteFideId "1709437"]
[BlackFideId "1226380"]
[EventDate "2022.03.27"]

1. Nf3 c5 2. g3 g6 3. c4 Bg7 4. Bg2 Nc6 5. Nc3 d6 6. O-O e6 7. e3 Nge7 8. d4 O-O
9. Re1 Rb8 10. b3 Nf5 11. Rb1 cxd4 12. exd4 Nfxd4 13. Nxd4 Nxd4 14. Be3 Nf5 15.
Qc2 a6 16. Rbd1 Qc7 17. Bf4 b5 18. Ne4 e5 19. Bg5 Be6 20. Nf6+ Kh8 21. g4 Nh6
22. h3 bxc4 23. bxc4 Ng8 24. Nd5 Qc8 25. Qa4 f5 26. Be7 Nxe7 27. Nxe7 Qc7 28.
Nc6 Rb6 29. Qa3 Rxc6 30. Bxc6 Qxc6 31. Rxd6 Qxc4 32. Rxa6 fxg4 33. Rxe5 Qd4 0-1

[Event "22nd ch-EUR Indiv 2022"]
[Site "Terme Catez SLO"]
[Date "2022.04.03"]
[Round "8.25"]
[White "Grandelius, Nils"]
[Black "Kozak, Adam"]
[Result "1/2-1/2"]
[WhiteTitle "GM"]
[BlackTitle "GM"]
[WhiteElo "2663"]
[BlackElo "2525"]
[WhiteFideId "1710400"]
[BlackFideId "753246"]
[EventDate "2022.03.27"]

1. e4 e5 2. Nf3 Nc6 3. Bb5 Nf6 4. d3 Bc5 5. Ba4 O-O 6. O-O d6 7. c3 Bb6 8. h3
Ne7 9. Bc2 Ng6 10. d4 Re8 11. a4 c6 12. dxe5 dxe5 13. Qxd8 Rxd8 14. a5 Bc7 15.
Be3 Be6 16. Nbd2 h6 17. b4 Ne8 18. Rfc1 Nd6 19. Bd3 f5 20. exf5 Nxf5 21. Be4
Nxe3 22. Bxg6 Nd5 23. Be4 Nf6 24. Bc2 b6 25. axb6 axb6 26. Ne4 Kf7 27. Re1 Bd5
28. Nfd2 Ke7 29. Kf1 Bxe4 30. Nxe4 Nxe4 31. Bxe4 Rxa1 32. Rxa1 Kd7 33. Ke2 Bb8
34. h4 Rf8 35. h5 Rf4 36. f3 Rf7 37. Ra8 Rf8 38. c4 Kc7 39. Ra6 Rf6 40. Ke3 Rd6
41. c5 bxc5 42. bxc5 Rf6 43. Kd3 Kb7 44. Rb6+ Kc7 45. Ra6 Kb7 46. Ra1 Ba7 47.
Kc4 Rf7 48. Rb1+ Kc7 49. Ra1 Kb7 50. Rd1 Kc7 51. Rd6 Rf6 52. Rd3 Rf7 53. Ra3 Kb7
54. Ra5 Rd7 55. Kc3 Rf7 56. Kd3 Rd7+ 57. Ke3 Rf7 58. g3 Rd7 59. g4 Rf7 60. Bf5
Re7 61. Bd3 Rd7 62. Be4 Rf7 63. Kf2 Rd7 64. Kg3 Rf7 65. g5 hxg5 66. Kg4 Rf4+ 67.
Kxg5 Rf6 68. Kg4 Rf4+ 69. Kg3 Rf6 70. Kh4 Rf4+ 71. Kg5 Rf6 72. Bf5 Kb8 73. Bg4
Kb7 74. Bd7 Rxf3 75. Bxc6+ Kxc6 76. Rxa7 Kxc5 77. Rxg7 Rg3+ 78. Kf6 Rxg7 79.
Kxg7 e4 80. h6 e3 81. h7 e2 82. h8=Q e1=Q 83. Qh6 Qe7+ 84. Kg6 Qd6+ 85. Kh5
Qxh6+ 86. Kxh6 1/2-1/2

[Event "22nd ch-EUR Indiv 2022"]
[Site "Terme Catez SLO"]
[Date "2022.04.03"]
[Round "8.26"]
[White "Suleymanli, Aydin"]
[Black "Tari, Aryan"]
[Result "0-1"]
[WhiteTitle "GM"]
[BlackTitle "GM"]
[WhiteElo "2525"]
[BlackElo "2653"]
[WhiteFideId "13413937"]
[BlackFideId "1510045"]
[EventDate "2022.03.27"]

1. d4 Nf6 2. c4 e6 3. Nc3 d5 4. cxd5 exd5 5. Bg5 Bb4 6. e3 h6 7. Bxf6 Qxf6 8.
Qa4+ Nc6 9. Bb5 O-O 10. Rc1 Qg6 11. Ne2 Bd6 12. Bxc6 bxc6 13. O-O Rb8 14. Qc2
Bf5 15. Qd2 h5 16. Nf4 Qg5 17. Nce2 Bd7 18. b3 h4 19. Kh1 Rfe8 20. h3 Qf6 21.
Nd3 Rb6 22. Ng1 Bf5 23. Nc5 Rbb8 24. Na6 Rb6 25. Nc5 Rb5 26. Na6 Bc8 27. Rxc6
Bb7 28. Rxd6 Qxd6 29. Nc5 Bc8 30. Qe2 Rb6 31. Qh5 Qd8 32. Rc1 Rh6 33. Qe2 Qg5
34. Nf3 Qh5 35. Qb5 c6 36. Qe2 Rf6 37. Kh2 g5 38. Qf1 Bxh3 39. Nxg5 Qxg5 40.
gxh3 Qf5 41. Nd3 Rxe3 42. Qg1+ Rg6 43. fxe3 Rxg1 44. Rxg1+ Kf8 0-1

[Event "22nd ch-EUR Indiv 2022"]
[Site "Terme Catez SLO"]
[Date "2022.04.03"]
[Round "8.27"]
[White "Petrosyan, Manuel"]
[Black "Valsecchi, Alessio"]
[Result "1-0"]
[WhiteTitle "GM"]
[BlackTitle "GM"]
[WhiteElo "2637"]
[BlackElo "2524"]
[WhiteFideId "13300857"]
[BlackFideId "818860"]
[EventDate "2022.03.27"]

1. d4 d5 2. c4 e6 3. Nf3 Nf6 4. g3 Bb4+ 5. Bd2 Bd6 6. Nc3 O-O 7. Bg5 c6 8. Bg2
Nbd7 9. e4 dxe4 10. Nxe4 Bb4+ 11. Nc3 h6 12. Bf4 e5 13. dxe5 Ne4 14. O-O Bxc3
15. bxc3 Ndc5 16. Qe1 Qd3 17. e6 Qxc4 18. exf7+ Qxf7 19. Qe3 Bf5 20. Ne5 Qe7 21.
f3 Nf6 22. Nxc6 Qxe3+ 23. Bxe3 bxc6 24. Bxc5 Rfe8 25. Rfe1 Be6 26. f4 Bd5 27.
Rxe8+ Rxe8 28. Bxa7 Re2 29. Bxd5+ Nxd5 30. Bd4 c5 31. Bxc5 Nxc3 32. a4 Ne4 33.
Bb4 Rb2 34. Be1 g5 35. a5 gxf4 36. gxf4 Kf7 37. a6 Rb8 38. a7 Ra8 39. Kg2 1-0

[Event "22nd ch-EUR Indiv 2022"]
[Site "Terme Catez SLO"]
[Date "2022.04.03"]
[Round "8.28"]
[White "Dardha, Daniel"]
[Black "Ponomariov, Ruslan"]
[Result "1/2-1/2"]
[WhiteTitle "GM"]
[BlackTitle "GM"]
[WhiteElo "2540"]
[BlackElo "2636"]
[WhiteFideId "240990"]
[BlackFideId "14103320"]
[EventDate "2022.03.27"]

1. c4 c6 2. Nf3 d5 3. e3 Nf6 4. Nc3 a6 5. d4 b5 6. b3 Bf5 7. Be2 e6 8. Bb2 h6 9.
Bd3 Bxd3 10. Qxd3 Nbd7 11. O-O 1/2-1/2

[Event "22nd ch-EUR Indiv 2022"]
[Site "Terme Catez SLO"]
[Date "2022.04.03"]
[Round "8.29"]
[White "Stefansson, Hannes"]
[Black "Nguyen, Thai Dai Van"]
[Result "1/2-1/2"]
[WhiteTitle "GM"]
[BlackTitle "GM"]
[WhiteElo "2520"]
[BlackElo "2623"]
[WhiteFideId "2300087"]
[BlackFideId "358878"]
[EventDate "2022.03.27"]

1. e4 e5 2. Nf3 Nc6 3. Bb5 a6 4. Ba4 Nf6 5. O-O b5 6. Bb3 Bc5 7. a4 Rb8 8. Nxe5
Nxe5 9. d4 Bxd4 10. Qxd4 d6 11. f4 Nc6 12. Qc3 Ne7 13. Nd2 O-O 14. e5 Nfd5 15.
Qf3 dxe5 16. fxe5 c5 17. Bxd5 Qxd5 18. Ne4 Bb7 19. Nd6 Qd4+ 20. Qe3 Bd5 1/2-1/2

[Event "22nd ch-EUR Indiv 2022"]
[Site "Terme Catez SLO"]
[Date "2022.04.03"]
[Round "8.30"]
[White "Vocaturo, Daniele"]
[Black "Blohberger, Felix"]
[Result "0-1"]
[WhiteTitle "GM"]
[BlackTitle "GM"]
[WhiteElo "2614"]
[BlackElo "2504"]
[WhiteFideId "813192"]
[BlackFideId "1632051"]
[EventDate "2022.03.27"]

1. d4 Nf6 2. c4 e6 3. Nf3 d5 4. g3 Bb4+ 5. Bd2 a5 6. Bg2 O-O 7. Qc2 c5 8. cxd5
cxd4 9. Nxd4 Qb6 10. Nf3 exd5 11. O-O Nc6 12. Nc3 d4 13. Na4 Qb5 14. Bxb4 axb4
15. Nc5 Re8 16. Rfe1 Bg4 17. Nb3 Rad8 18. Rad1 d3 19. Qc5 Qxc5 20. Nxc5 dxe2 21.
Rxd8 Rxd8 22. h3 Rd1 23. hxg4 Ne5 0-1

[Event "22nd ch-EUR Indiv 2022"]
[Site "Terme Catez SLO"]
[Date "2022.04.03"]
[Round "8.31"]
[White "Bernadskiy, Vitaliy"]
[Black "Budisavljevic, Luka"]
[Result "1-0"]
[WhiteTitle "GM"]
[BlackTitle "GM"]
[WhiteElo "2606"]
[BlackElo "2519"]
[WhiteFideId "14100371"]
[BlackFideId "960047"]
[EventDate "2022.03.27"]

1. e4 c5 2. Nc3 e6 3. d4 cxd4 4. Qxd4 Nc6 5. Qe3 a6 6. Nf3 Bb4 7. Be2 d6 8. O-O
Nf6 9. a3 Bc5 10. Qd3 Ng4 11. b4 Ba7 12. Nd1 O-O 13. Be3 Nxe3 14. Nxe3 Qc7 15.
Rfd1 Rd8 16. Rac1 Bxe3 17. Qxe3 e5 18. h3 Be6 19. c4 h6 20. b5 Ne7 21. c5 dxc5
22. Rxd8+ Qxd8 23. bxa6 b6 24. Nxe5 Qc7 25. f4 f6 26. Nf3 Bc8 27. e5 Bxa6 28.
Bxa6 Rxa6 29. exf6 gxf6 30. Qe6+ Kg7 31. Rc3 Ra7 32. Nh4 Qxf4 33. Rc4 Qe5 34.
Rg4+ Kf8 35. Rg8+ Nxg8 36. Ng6+ Kg7 37. Nxe5 fxe5 38. Qxe5+ Nf6 39. Qg3+ Kh7 40.
Qb3 Kg7 41. a4 Nd7 42. Kh2 Kf6 43. h4 h5 44. Qe3 Rxa4 45. Qh6+ Ke7 46. Qxh5 Nf6
47. Qg5 Rg4 48. Qe5+ Kf7 49. Kh3 Rb4 50. h5 Re4 51. Qf5 Rg4 52. g3 Rg8 53. Kg2
Rg4 54. h6 Rg6 55. h7 Rh6 56. g4 Rxh7 57. g5 Kg8 58. gxf6 Kf7 59. Qxh7+ 1-0

[Event "22nd ch-EUR Indiv 2022"]
[Site "Terme Catez SLO"]
[Date "2022.04.03"]
[Round "8.32"]
[White "Moiseenko, Alexander"]
[Black "Druska, Juraj"]
[Result "1/2-1/2"]
[WhiteTitle "GM"]
[BlackTitle "IM"]
[WhiteElo "2602"]
[BlackElo "2503"]
[WhiteFideId "14102560"]
[BlackFideId "14915650"]
[EventDate "2022.03.27"]

1. d4 d5 2. c4 dxc4 3. Nf3 c5 4. e3 cxd4 5. Bxc4 Qc7 6. Bb3 dxe3 7. Bxe3 Nf6 8.
O-O Nc6 9. Nc3 e6 10. Nb5 Qa5 11. Nd6+ Bxd6 12. Qxd6 Ne4 13. Qf4 Qf5 14. Qc7 Qa5
15. Qf4 Qf5 16. Qh4 Nf6 17. h3 O-O 18. Rac1 Qe4 19. Qg3 Qg6 20. Qh2 Nd5 21. Bd2
Bd7 22. Bc2 Qf6 23. Qd6 Qe7 24. Qg3 Rfc8 25. Bb1 Qf8 1/2-1/2